| 000 | 00686nam a22002297a 4500 | ||
|---|---|---|---|
| 999 |
_c14524 _d14524 |
||
| 003 | AR-CdUCM | ||
| 008 | 190423b ||||| |||| 00| 0 spa d | ||
| 020 | _a978-987-612-332-7 | ||
| 040 |
_aMUNICIPALIDAD PROVINCIAL DEL CUSCO _cBIBLIOTECA MUNICIPAL DEL CUSCO |
||
| 082 |
_aPI / 376.1 / _bS31 |
||
| 100 |
_aSchulz, Charles M. _933326 |
||
| 245 | _aPuedes ser !lo que quieras! / | ||
| 260 |
_aBuenos Aires : _bV&R, _c2011. |
||
| 300 | _c21 cm. | ||
| 500 | _aNo cuenta con numeración de página. | ||
| 650 |
_aDibujos _92628 |
||
| 650 |
_aHistorieta _931942 |
||
| 650 |
_aHistorias _92725 |
||
| 700 |
_aRiba, Lidia Maria _933327 |
||
| 942 |
_2ddc _cLIBROS |
||
| 945 |
_arah _d23/04/2019 |
||